00913nam a2200205 a 450000100100000000500170001000800410002704000250006808200150009310000240010824502110013226000600034330000210040350400740042465000250049870000390052304900090056295201190057199900170069000002088620200930011201.0100821s|||| xxu r 000 0 spa d aDO-SdBNPbspacBNPHU a225bD167m1 aDana, H. E.,94377613aEl mundo del nuevo testamento :bBreve esquema de la historia y las condiciones que constituyeron el fondo del nuevo testamento /cH. E. Dana ; traducción de la tercera edición por Idelfonso Villarello. aEl Paso, Texas :bCasa Bautista de Publicaciones,c19?? a285 p. ;c20 cm. aIncluye referencias bibliográficas y notas al pie de las páginas. 4aBiblia.xN.t.9347371 aVillarello, Idelfonso,etr.943777 aBNGR 001052708MOaGRbGRcCTd2010-08-21iLF1l0o225 D167mp20886-10r2020-06-25w2020-06-25y2ZPréstamo interno c20389d20389